000 00553nam a2200181Ia 4500
008 100921s9999 xx 000 0 und d
082 _b18766
_a891.463 थ 83
100 _aउजळंबकर कृष्ण मुकुंद.
245 _aधूर.
260 _bकालिंदी प्रकाशन, पुणे.
_c1983
300 _a185
_b---
365 _b20
520 _aललित-कादंबरी.
630 _aधूर.
650 _aललित-कादंबरी.
730 _aधूर.
942 _cBOOK
999 _c767879
_d767876